ՀՀ Գիտությունների ազգային ակադեմիայի հիմնարար գիտական գրադարան  =   Fundamental Scientific Library of NAS RA

Մանուկներին : (Record no. 161537)

MARC details
000 -LEADER
fixed length control field 01182nam a2200253 a 4500
001 - CONTROL NUMBER
control field 000423310
003 - CONTROL NUMBER IDENTIFIER
control field AM-YEHGA
005 - DATE AND TIME OF LATEST TRANSACTION
control field 20250618072444.0
008 - FIXED-LENGTH DATA ELEMENTS--GENERAL INFORMATION
fixed length control field 050428s1948 ai |||||||||||||||||arm d
040 ## - CATALOGING SOURCE
Original cataloging agency AM-YeHGA
041 0# - LANGUAGE CODE
Language code of text/sound track or separate title arm
090 ## - LOCALLY ASSIGNED LC-TYPE CALL NUMBER (OCLC); LOCAL CALL NUMBER (RLIN)
-- 162943
100 1# - MAIN ENTRY--PERSONAL NAME
Personal name Աբովյան, Խաչատուր Ավետիքի,
Dates associated with a name 1809-1848
9 (RLIN) 91
245 10 - TITLE STATEMENT
Title Մանուկներին :
Remainder of title Արձակ /
Statement of responsibility, etc. Խ. Աբովյան; Կազմ. և խմբ.՝ Գ. Սևունց; Առաջաբ.՝ Պ. Ջոթյան; Նկ.՝ Մ. Բաղդասարյան; Շապկի նկ.՝ Ս. Ստեփանյան.
260 ## - PUBLICATION, DISTRIBUTION, ETC.
Place of publication, distribution, etc. Երևան :
Name of publisher, distributor, etc. Ա.հ,
Date of publication, distribution, etc. 1948.
300 ## - PHYSICAL DESCRIPTION
Extent 27 էջ :
Other physical details նկ. ;
Dimensions 20 սմ.
500 ## - GENERAL NOTE
General note «Հոկտեմբերիկ» ամսագրի հավելված
650 14 - SUBJECT ADDED ENTRY--TOPICAL TERM
Topical term or geographic name entry element Հայ մանկական գրականություն
9 (RLIN) 5413
700 1# - ADDED ENTRY--PERSONAL NAME
Personal name Սևունց, Գարեգին Սևիի,
Dates associated with a name 1911-1969
Relator term կազմ.
Relationship com
Relator term խմբ.
Relationship edt
9 (RLIN) 1751
700 1# - ADDED ENTRY--PERSONAL NAME
Personal name Ջոթյան, Պարույր Հովհաննեսի,
Dates associated with a name 1913-1954
Relator term առաջաբ.
Relationship aui
9 (RLIN) 2775
700 1# - ADDED ENTRY--PERSONAL NAME
Personal name Բաղդասարյան, Մ.
Relator term նկ.
Relationship art
9 (RLIN) 465
700 1# - ADDED ENTRY--PERSONAL NAME
Personal name Ստեփանյան, Սուրեն Շավարշի,
Dates associated with a name 1915-1977
Relator term նկ.
Relationship art
9 (RLIN) 1781
942 ## - ADDED ENTRY ELEMENTS (KOHA)
Source of classification or shelving scheme Universal Decimal Classification
Koha item type Գրքեր / Books
Holdings
Withdrawn status Lost status Damaged status Not for loan Collection Home library Current library Date acquired Total checkouts Full call number Barcode Date last seen Price effective from Koha item type Public note
        General Fundamental Scientific Library Fundamental Scientific Library 28/12/2016   AII/30525 220030525 28/12/2016 28/12/2016 Գրքեր / Books 30 Days Loan
        General Fundamental Scientific Library Fundamental Scientific Library 28/12/2016   AII/30526 220030526 28/12/2016 28/12/2016 Գրքեր / Books 30 Days Loan
        General Fundamental Scientific Library Fundamental Scientific Library 28/12/2016   AII/30527 220030527 28/12/2016 28/12/2016 Գրքեր / Books 30 Days Loan
        General Fundamental Scientific Library Fundamental Scientific Library 04/08/2021   AII/107507 FL0656067 04/08/2021 04/08/2021 Գրքեր / Books 30 Days Loan


ՀՀ ԳԱԱ հիմնարար գիտական գրադարան
ՀՀ,Երևան 0019
Մարշալ Բաղրամյան 24/6
հեռախոս:(374-10) 52-47-50
Հետադարձ կապ

All site content, except where otherwise noted, is licensed under a
Creative Commons License